000 00439nam a22001457a 4500
999 _c130427
_d130427
008 200318b ||||| |||| 00| 0 eng d
020 _a9780852441879
050 _aBX1378.4.S732
100 _aSpackman, Paul
_949712
245 _aGod's candidate
_bthe life and times of Pope John Paul I
_cPaul Spackman
260 _aGloucester
_bGracewing
_c2008
300 _ax, 288p. ;
_c23cm.
600 _aJohn Paul I
_949713
942 _2lcc
_cMONOGRAPH